[Event "Kolkata St Xavier College op"]
[Site "Kolkata"]
[Date "2024.08.24"]
[Round "2"]
[White "Arunava, Bhattacharjee1"]
[Black "Sengupta, Agniva"]
[Result "1-0"]
[WhiteElo "1764"]
[BlackElo "1450"]
[PlyCount "97"]
[EventDate "2024.08.24"]
[EventType "swiss (rapid)"]
[EventRounds "11"]
[EventCountry "IND"]
[SourceTitle "CBM 221 Extra"]
[Source "ChessBase"]
[SourceDate "2024.09.30"]
[SourceVersion "1"]
[SourceVersionDate "2024.09.30"]
[SourceQuality "1"]

1. e4 c6 2. d4 d5 3. Nc3 dxe4 4. Nxe4 Nf6 5. Nxf6+ exf6 6. Nf3 Bd6 7. Bd3 Bg4 8. h3 Bh5 9. Be3 Nd7 10. Qd2 Qc7 11. g4 Bg6 12. 0-0-0 0-0-0 13. c4 Bxd3 14. Qxd3 Bf4 15. Rhe1 Rhe8 16. Qxh7 Bxe3+ 17. Rxe3 Qf4 18. Qf5 Qxf5 19. gxf5 Rh8 20. h4 Nb6 21. b3 Rh5 22. Rg1 Rg8 23. Re7 Rxf5 24. Rg3 g5 25. Rxf7 g4 26. Ne5 Rxf2 27. Rxg4 Rxg4 28. Nxg4 Rf4 29. Rg7 f5 30. h5 fxg4 31. h6 Rf1+ 32. Kc2 Rh1 33. h7 g3 34. Rg8+ Kd7 35. h8Q Rxh8 36. Rxh8 Ke6 37. Rg8 Kf5 38. Rxg3 Ke4 39. Kc3 Nc8 40. Rg7 b5 41. Rc7 Nb6 42. Rxc6 bxc4 43. Rxb6 axb6 44. bxc4 Kf5 45. Kb4 Ke6 46. Kb5 Kd7 47. Kxb6 Kc8 48. Kc6 Kd8 49. Kb7 1-0